000 01113aab a2200241 i 4500
001 768714001
003 CO-MdFUSB
005 20260309153118.0
008 240710t2008 sz ||||| |||| 00| 0 eng d
040 _bspa
_cCO-MdFUSB
041 _aeng
100 1 _aMohan, Joy
_eautor
245 1 4 _aThe unity of the Spirit in the bond of peace :
_ban established reality
_c/ Joy Mohan
520 _aVivimos en un mundo que está muy dividido. ¿No estamos fuera de contacto con la realidad cuando hablamos de unidad y paz? Sin embargo, Joy Mohan deja claro en su artículo que la Unidad del Espíritu es un hecho consumado. Por lo tanto, debemos dejar ir la vieja creación y abrazar la nueva creación de Dios.
546 _aTexto en inglés.
650 1 7 _aTeología pastoral y unidad cristiana
_97183
650 1 7 _aDios
_9178
650 1 7 _aPaz
_xAspectos religiosos
_xCristianismo
_92054
650 1 0 _aReforma de la iglesia
_9958
773 0 _tReformed World
_049396
_959497
_gVolumen 58, (número 2 & 3, 2008) páginas: 115 - 122
_qpágina: 115
942 _cANA
945 _aCatherine Arias Álvarez - Practicante SENA
999 _c62746
_d62746